Library of the University of Algiers 3
Ibrahim Sultan Cheibout
شعار جامعة الجزائر 3
مكتبة جامعة الجزائر 3
إبراهيم سلطان شيبوط

إدارة وتنمية الأنشطة والقوى البيعية في المنظمات المعاصرة / (رقم التسجيلة. 45686)

تفاصيل مارك
000 -LEADER
fixed length control field 01757nam a2200241Ia 4500
003 - CONTROL NUMBER IDENTIFIER
control field Ost
005 - DATE AND TIME OF LATEST TRANSACTION
control field 20260507075655.0
008 - FIXED-LENGTH DATA ELEMENTS--GENERAL INFORMATION
fixed length control field 260507s9999||||xx |||||||||||||| ||und||
020 ## - INTERNATIONAL STANDARD BOOK NUMBER
International Standard Book Number 9957320173
040 ## - CATALOGING SOURCE
Transcribing agency fsecg
041 ## - LANGUAGE CODE
Language code of text/sound track or separate title ara
082 ## - DEWEY DECIMAL CLASSIFICATION NUMBER
Classification number 658.81
100 ## - MAIN ENTRY--PERSONAL NAME
Personal name العتيبي، صبحي
Relator term مؤلف
245 #0 - TITLE STATEMENT
Title إدارة وتنمية الأنشطة والقوى البيعية في المنظمات المعاصرة /
Statement of responsibility, etc. صبحي العتيبي
260 ## - PUBLICATION, DISTRIBUTION, ETC.
Place of publication, distribution, etc. عمان:
Name of publisher, distributor, etc. دار الحامد,
Date of publication, distribution, etc. 2003
300 ## - PHYSICAL DESCRIPTION
Extent 290 صفحة؛
Other physical details إيضاحات ؛
Dimensions 24 سم
504 ## - BIBLIOGRAPHY, ETC. NOTE
Bibliography, etc. note المراجع ص.289
520 ## - SUMMARY, ETC.
Summary, etc. نشأة وتطور الأنظمة البيعية: الوظائف الادارية لإدارة المبيعات، وظيفة تحديد الهدف والتخطيط للأنشطة والقوى البيعية، التنظيم في مجال الأنشطة والقوى البيعية، الرقابة في مجال الأنشطة والقوى البيعية الوظائف الفنية لإدارة المبيعات: البيع الشخصي، البيع الترويجي، تنمية الأنشطة البيعية، الاتصالات التسويقية المدمجة، النظام السلوكي الخلفي للتعامل والمعاملة الادارة الفعالة للقوى البيعية: الوظائف الفنية لإدارة المبيعات، توظيف القوى البيعية، تعويض ومكافآت القوى البيعية، تدريب وتنمية القوى البيعية، التحفيز في مجال القوى البيعية، الاشراف على القوى البيعية.
653 ## - INDEX TERM--UNCONTROLLED
Uncontrolled term إدارة الموارد
653 ## - INDEX TERM--UNCONTROLLED
Uncontrolled term البيع
653 ## - INDEX TERM--UNCONTROLLED
Uncontrolled term التسويق
942 ## - ADDED ENTRY ELEMENTS (KOHA)
Koha item type كتب
المقتنيات
Withdrawn status Lost status Source of classification or shelving scheme Damaged status Not for loan Home library Current library Date acquired Serial enumeration / chronology Inventory number Total checkouts Full call number Barcode Date last seen Price effective from Koha item type
    Dewey Decimal Classification   Available مكتبة كلية العلوم الإقتصادية والعلوم التجارية وعلوم التسيير مكتبة كلية العلوم الإقتصادية والعلوم التجارية وعلوم التسيير 07/05/2026 الطابق الثاني 1828/11   أ/1828ن1 1828/11 07/05/2026 07/05/2026 كتب
    Dewey Decimal Classification   Available مكتبة كلية العلوم الإقتصادية والعلوم التجارية وعلوم التسيير مكتبة كلية العلوم الإقتصادية والعلوم التجارية وعلوم التسيير 07/05/2026 الطابق الثاني 1828/10   أ/1828ن10 1828/10 07/05/2026 07/05/2026 كتب
    Dewey Decimal Classification   Available مكتبة كلية العلوم الإقتصادية والعلوم التجارية وعلوم التسيير مكتبة كلية العلوم الإقتصادية والعلوم التجارية وعلوم التسيير 07/05/2026 الطابق الثاني 1828/9   أ/1828ن9 1828/9 07/05/2026 07/05/2026 كتب

موارد الويب المفتوحة


© University of Algiers 3 All Rights Reserved
|
Implemented by LECHELAH Riad